[Event "ROM-ch U12"]
[Site "Calimanesti"]
[Date "2014.04.09"]
[Round "5"]
[White "Varga, Emilian"]
[Black "Chivulescu, Adrian Alexandru"]
[Result "0-1"]
[WhiteElo "1403"]
[BlackElo "1602"]
[PlyCount "63"]
[EventDate "2014.04.06"]
[EventType "swiss"]
[EventRounds "9"]
[EventCountry "ROU"]
[SourceTitle "CBM 160 Extra"]
[Source "ChessBase"]
[SourceDate "2014.07.01"]
[SourceVersion "1"]
[SourceVersionDate "2014.07.01"]
[SourceQuality "1"]

1. d4 d5 2. f4 e6 3. e3 c5 4. c3 Nf6 5. Nf3 Nc6 6. Bb5 Bd7 7. Bxc6 Bxc6 8. Nbd2 Bd6 9. Ne5 Nd7 10. Ndf3 f6 11. Nxc6 bxc6 12. b3 0-0 13. 0-0 Re8 14. Bb2 e5 15. fxe5 fxe5 16. dxe5 Nxe5 17. Nxe5 Bxe5 18. Qd2 Qg5 19. Rae1 Bf6 20. Rf3 Rad8 21. Rg3 Qe5 22. Rd1 Re6 23. Rf1 Rde8 24. Rff3 Bg5 25. Bc1 d4 26. cxd4 cxd4 27. Rxg5 Qxg5 28. Qxd4 Rd8 29. Qxa7 Re7 30. Qa3 Rd1+ 31. Kf2 Qh4+ 32. Ke2 0-1

[Event "ROM-ch U12"]
[Site "Calimanesti"]
[Date "2014.04.07"]
[Round "2"]
[White "Secrieru, Andrei Cristian"]
[Black "Varga, Emilian"]
[Result "1-0"]
[WhiteElo "1658"]
[BlackElo "1403"]
[PlyCount "120"]
[EventDate "2014.04.06"]
[EventType "swiss"]
[EventRounds "9"]
[EventCountry "ROU"]
[SourceTitle "CBM 160 Extra"]
[Source "ChessBase"]
[SourceDate "2014.07.01"]
[SourceVersion "1"]
[SourceVersionDate "2014.07.01"]
[SourceQuality "1"]

1. d4 Nf6 2. c4 e6 3. Nf3 b6 4. Bg5 h6 5. Bh4 Bb7 6. e3 Be7 7. Nc3 Nc6 8. a3 d5 9. cxd5 exd5 10. Bd3 Nb8 11. 0-0 Nbd7 12. Qe2 Ne4 13. Bxe7 Qxe7 14. Nd2 Nxd2 15. Qxd2 a6 16. Rfe1 Nf6 17. Qc2 Bc6 18. e4 dxe4 19. Nxe4 0-0 20. Qxc6 Nxe4 21. Qxe4 Qxe4 22. Bxe4 Rad8 23. Rad1 Rd6 24. Bc2 Rfd8 25. h3 f6 26. d5 Kf8 27. Bb3 b5 28. Rd2 a5 29. Rc1 a4 30. Ba2 c6 31. Rc5 f5 32. Rd4 Ke7 33. f4 R8d7 34. Rd2 Kd8 35. Kf1 Kc7 36. Ke1 Kb6 37. Rxc6+ Rxc6 38. dxc6 Rxd2 39. Kxd2 Kxc6 40. Kd3 Kc5 41. Kc3 g6 42. g3 g5 43. h4 gxh4 44. gxh4 h5 45. Bb1 Kd5 46. Bxf5 Kc5 47. Bg6 Kd5 48. Bxh5 Ke4 49. Kb4 Kxf4 50. Kxb5 Kg3 51. Kxa4 Kxh4 52. b4 Kxh5 53. b5 Kg6 54. b6 Kf7 55. b7 Ke7 56. b8Q Kd7 57. Qb6 Ke7 58. Qc6 Kf7 59. Qd6 Kg7 60. Qe6 Kh7 1-0